MARC

LEADER 00000nam2a2200000 4500
001 359494
005 20231102011209.0
035 |a (RuTPU)RU\TPU\retro\16774 
035 |a RU\TPU\retro\16773 
090 |a 359494 
100 |a 20201105d1866 k y0gery50 ba 
101 0 |a ger 
102 |a DE 
105 |a a z 001zy 
200 0 |a Band 3 
210 |d 1866 
215 |a XVI, 974 s.  |c tabl. 
300 |a Раздельная пагинация страниц 
300 |a В описании используется грамматика 19 века 
316 |5 63413507: 18//126  |a На форзаце экслибрис Библиотеки С. Н. Кулибина 
316 |5 63413507: 18//126  |a На форзаце экслибрис Библиотеки ТТИ 
317 |5 63413507: 18//126  |a Поступил в НТБ в 1900 г. в составе книжного собрания С. Н. Кулибина 
320 |a Библиогр. в примеч. 
320 |a Namenregister: s. 913-927 
320 |a Sachregister: s. 927-974 
461 1 |0 (RuTPU)RU\TPU\retro\16771  |t Lehrbuch der chemischen und physikalischen geologie  |o in 3 bände  |f G. Bischof  |v Band 3  |e 2-e gänzlich umgearbeitete auflage  |d 1863-1866 
606 1 |a Геология физическая  |2 stltpush  |3 (RuTPU)RU\TPU\subj\6124  |9 34082 
606 1 |a Геохимия  |2 stltpush  |3 (RuTPU)RU\TPU\subj\6296  |9 34219 
610 1 |a владельческие знаки 
610 1 |a немецкий язык 
610 1 |a осадочные горные породы 
610 1 |a карбонатные породы 
610 1 |a известняки 
610 1 |a мрамор 
610 1 |a магнезиальные породы 
610 1 |a доломиты 
610 1 |a силикаты 
610 1 |a сланцы 
610 1 |a волластониты 
610 1 |a конгломераты 
610 1 |a песчаники 
610 1 |a метаморфические горные породы 
610 1 |a гранит 
610 1 |a фельзит-порфиры 
610 1 |a перлиты 
610 1 |a роговые обманки 
610 1 |a фонолиты 
610 1 |a базальтовые породы 
610 1 |a землетрясения 
610 1 |a оползни 
610 1 |a трещины 
610 1 |a друзовые полости 
610 1 |a жилы 
610 1 |a руды 
610 1 |a Библиотека Кулибиных 
675 |a 551.1/.4  |v 4 
675 |a 550.4  |v 4 
801 1 |a RU  |b 63413507  |c 20201105 
801 2 |a RU  |b 63413507  |c 20210604  |g RCR 
942 |c BK